[Event "HUN-chT2 Barcza 1314"]
[Site "Hungary"]
[Date "2014.03.02"]
[Round "8"]
[White "Gocza, Adam"]
[Black "Forgacs, Laszlo"]
[Result "1-0"]
[WhiteElo "1508"]
[BlackElo "1582"]
[PlyCount "165"]
[EventDate "2013.09.08"]
[EventType "team-tourn"]
[EventRounds "11"]
[EventCountry "HUN"]
[SourceTitle "EXT 2016"]
[Source "ChessBase"]
[SourceDate "2015.10.08"]
[SourceVersion "1"]
[SourceVersionDate "2015.10.08"]
[SourceQuality "1"]
[WhiteTeam "Nyiregyhaza"]
[BlackTeam "Debrecen EAC"]
[WhiteTeamCountry "HUN"]
[BlackTeamCountry "HUN"]

1. e4 e5 2. Nf3 Nc6 3. d4 exd4 4. Bc4 h6 5. c3 dxc3 6. Qb3 Qe7 7. Nxc3 Na5 8. Qb5 Nxc4 9. Qxc4 c6 10. 0-0 Qc5 11. Qd3 Qb6 12. b3 Bb4 13. Bb2 Bxc3 14. Bxc3 Nf6 15. e5 Nd5 16. Bd4 c5 17. Bb2 Qe6 18. Rfd1 Ne7 19. Qc3 b6 20. Rd6 Qf5 21. Rad1 Qg4 22. h3 Qb4 23. Qc2 0-0 24. a3 Qf4 25. Bc1 Qf5 26. Qe2 Ng6 27. g4 Nf4 28. Qf1 Qe4 29. Nd2 Qxe5 30. Nc4 Ne2+ 31. Kh1 Bb7+ 32. f3 Ng3+ 33. Kg1 Qxd6 34. Nxd6 Nxf1 35. Nxb7 Ng3 36. Kf2 Rab8 37. Nd6 f5 38. Kxg3 fxg4 39. fxg4 Rf6 40. Nf5 Rd8 41. Ne7+ Kf7 42. Nd5 Re6 43. Rf1+ Kg8 44. Nf4 Rf8 45. Rd1 Re7 46. Ng6 Kf7 47. Nxf8 Kxf8 48. Bf4 Ke8 49. Rd3 g5 50. Bd2 Kd8 51. Bc3 Rf7 52. Rd6 Rh7 53. Rg6 Ke7 54. Rg7+ Rxg7 55. Bxg7 Kf7 56. Bxh6 Kg6 57. Bf8 d5 58. Kf3 Kf6 59. Bd6 a6 60. Ke3 Ke6 61. Bg3 Kf6 62. Kd3 Ke6 63. a4 b5 64. Bf2 Kd6 65. Be3 c4+ 66. bxc4 bxc4+ 67. Kd4 Ke6 68. Bxg5 Kd6 69. Bf4+ Ke6 70. h4 Kf6 71. Kxd5 c3 72. Kd4 c2 73. Kd3 c1Q 74. Bxc1 Kg6 75. Kc4 Kf6 76. h5 Kf7 77. Kc5 Kg7 78. Kb6 a5 79. Kxa5 Kf6 80. Kb6 Ke7 81. a5 Kf7 82. a6 Ke6 83. a7 1-0

[Event "HUN-chT2 Asztalos 1213"]
[Site "Hungary"]
[Date "2013.01.27"]
[Round "6.6"]
[White "Szaz, Ferenc"]
[Black "Forgacs, Laszlo"]
[Result "0-1"]
[WhiteElo "2114"]
[BlackElo "1597"]
[PlyCount "74"]
[EventDate "2012.09.16"]
[EventType "team-tourn"]
[EventRounds "9"]
[EventCountry "HUN"]
[SourceTitle "EXT 2014"]
[Source "ChessBase"]
[SourceDate "2013.11.20"]
[SourceVersion "1"]
[SourceVersionDate "2013.11.20"]
[SourceQuality "1"]
[WhiteTeam "Komlo"]
[BlackTeam "Mohacs"]
[WhiteTeamCountry "HUN"]
[BlackTeamCountry "HUN"]

1. d4 Nf6 2. c4 e6 3. Nc3 d5 4. Bg5 Be7 5. e3 0-0 6. Nf3 c6 7. c5 Nbd7 8. b4 b6 9. Bd3 a5 10. a3 Ba6 11. 0-0 Bxd3 12. Qxd3 b5 13. e4 dxe4 14. Nxe4 Nd5 15. Bxe7 Qxe7 16. Qd2 axb4 17. axb4 e5 18. Nd6 e4 19. Rxa8 Rxa8 20. Re1 f5 21. g3 Qf6 22. Nh4 g6 23. Ng2 Nf8 24. Ne3 Qe6 25. f3 exf3 26. Nexf5 Ra2 27. Nh6+ Kg7 28. Rxe6 Rxd2 29. Re8 f2+ 30. Kf1 Kxh6 31. Nf7+ Kg7 32. Nd8 Nxb4 33. Re7+ Kg8 34. Nf7 Nd3 35. Nh6+ Kh8 36. Rf7 Rd1+ 37. Ke2 Re1+ 0-1

[Event "HUN-chT2 Asztalos 1213"]
[Site "Hungary"]
[Date "2012.12.02"]
[Round "5.6"]
[White "Katona, Ferenc Jr"]
[Black "Forgacs, Laszlo"]
[Result "1/2-1/2"]
[WhiteElo "1934"]
[BlackElo "1597"]
[PlyCount "45"]
[EventDate "2012.09.16"]
[EventType "team-tourn"]
[EventRounds "9"]
[EventCountry "HUN"]
[SourceTitle "EXT 2014"]
[Source "ChessBase"]
[SourceDate "2013.11.20"]
[SourceVersion "1"]
[SourceVersionDate "2013.11.20"]
[SourceQuality "1"]
[WhiteTeam "Dunaujvaros"]
[BlackTeam "Mohacs"]
[WhiteTeamCountry "HUN"]
[BlackTeamCountry "HUN"]

1. d4 Nf6 2. e3 d5 3. f4 Bf5 4. Nf3 e6 5. Bd3 Bg6 6. 0-0 c5 7. c3 Nc6 8. Ne5 Bxd3 9. Qxd3 c4 10. Qe2 Be7 11. Nd2 0-0 12. Rf3 Nxe5 13. fxe5 Ne8 14. e4 f6 15. exf6 Bxf6 16. e5 Bg5 17. Rg3 Qc7 18. Qg4 Bf4 19. Rf3 Bxd2 20. Rxf8+ Kxf8 21. Bxd2 Kg8 22. Bg5 Qf7 23. Rf1 1/2-1/2

[Event "HUN-chT2 Asztalos 1112"]
[Site "Hungary"]
[Date "2012.05.06"]
[Round "10.6"]
[White "Forgacs, Laszlo"]
[Black "Mihalecz, Attila"]
[Result "1/2-1/2"]
[WhiteElo "1592"]
[BlackElo "2062"]
[PlyCount "39"]
[EventDate "2011.09.25"]
[EventType "team-tourn"]
[EventRounds "11"]
[EventCountry "HUN"]
[SourceTitle "EXT 2013"]
[Source "ChessBase"]
[SourceDate "2012.11.22"]
[SourceVersion "1"]
[SourceVersionDate "2012.11.22"]
[SourceQuality "1"]
[WhiteTeam "Mohacs"]
[BlackTeam "Nagyatad"]
[WhiteTeamCountry "HUN"]
[BlackTeamCountry "HUN"]

1. e4 b6 2. d4 Bb7 3. Bd3 Nf6 4. Nd2 Nc6 5. Ngf3 Nb4 6. 0-0 e6 7. Qe2 Nxd3 8. cxd3 Be7 9. Nc4 0-0 10. Bg5 d5 11. Ncd2 Ba6 12. e5 Nd7 13. Bxe7 Qxe7 14. Rfc1 c5 15. Qe3 Rac8 16. dxc5 Nxc5 17. Rc3 Bb7 18. d4 Na6 19. Rac1 Qb4 20. Rxc8 1/2-1/2

[Event "HUN-chT2 Barcza 1112 "]
[Site "Hungary"]
[Date "2012.04.22"]
[Round "9"]
[White "Forgacs, Laszlo"]
[Black "Sandor, Lajos"]
[Result "0-1"]
[WhiteElo "1592"]
[BlackElo "1847"]
[PlyCount "84"]
[EventDate "2011.09.25"]
[EventType "team-tourn"]
[EventRounds "11"]
[EventCountry "HUN"]
[SourceTitle "EXT 2013"]
[Source "ChessBase"]
[SourceDate "2012.11.22"]
[SourceVersion "1"]
[SourceVersionDate "2012.11.22"]
[SourceQuality "1"]
[WhiteTeam "DEAC"]
[BlackTeam "Tiszavasvar"]
[WhiteTeamCountry "HUN"]
[BlackTeamCountry "HUN"]

1. e4 c5 2. Nf3 Nc6 3. g3 e5 4. Bg2 Nf6 5. 0-0 Be7 6. c4 0-0 7. d3 d6 8. Nc3 Be6 9. Nd5 Nd4 10. Nxe7+ Qxe7 11. Ng5 b5 12. cxb5 Nxb5 13. Bh3 Bxh3 14. Nxh3 h6 15. f4 Rad8 16. Nf2 Qd7 17. Be3 Nd4 18. Kh1 h5 19. f5 d5 20. Bxd4 cxd4 21. exd5 Qxd5+ 22. Kg1 g6 23. Qc1 Kg7 24. Nh3 Nh7 25. fxg6 Kxg6 26. Qe1 f5 27. Qd2 Rde8 28. Rfc1 Rf7 29. Qf2 Ng5 30. Nxg5 Kxg5 31. h4+ Kg6 32. Re1 f4 33. gxf4 Rxf4 34. Qg2+ Rg4 35. Re4 Rxg2+ 36. Kxg2 Qg8 37. Kf2 Rf8+ 38. Ke2 Kf6 39. Kd2 Qg2+ 40. Re2 Qf3 41. Rae1 Rc8 42. Rxe5 Qf4+ 0-1

[Event "HUN-chT2 Asztalos 1112"]
[Site "Hungary"]
[Date "2012.03.11"]
[Round "7.6"]
[White "Misetane Burjan, Anita"]
[Black "Forgacs, Laszlo"]
[Result "1-0"]
[WhiteElo "2036"]
[BlackElo "1592"]
[PlyCount "81"]
[EventDate "2011.09.25"]
[EventType "team-tourn"]
[EventRounds "11"]
[EventCountry "HUN"]
[SourceTitle "EXT 2013"]
[Source "ChessBase"]
[SourceDate "2012.11.22"]
[SourceVersion "1"]
[SourceVersionDate "2012.11.22"]
[SourceQuality "1"]
[WhiteTeam "Kaposvar Bastya"]
[BlackTeam "Mohacs"]
[WhiteTeamCountry "HUN"]
[BlackTeamCountry "HUN"]

1. e4 c5 2. Nc3 Nc6 3. g3 Nf6 4. Bg2 e6 5. f4 d6 6. Nf3 Be7 7. d4 cxd4 8. Nxd4 0-0 9. Be3 Bd7 10. e5 dxe5 11. Nxc6 bxc6 12. fxe5 Nd5 13. Nxd5 exd5 14. 0-0 Qc7 15. Qd4 Be6 16. b4 a5 17. a3 Rfc8 18. Rfd1 axb4 19. axb4 Rxa1 20. Rxa1 c5 21. bxc5 Bxc5 22. Qxc5 Qxc5 23. Bxc5 Rxc5 24. Ra8+ Rc8 25. Rxc8+ Bxc8 26. Bxd5 Kf8 27. Kf2 Ke7 28. Ke3 f6 29. exf6+ Kxf6 30. Kd4 h5 31. Bf3 Kg5 32. Ke5 h4 33. c4 hxg3 34. hxg3 Kg6 35. Kd6 Kf6 36. c5 g5 37. c6 Kf5 38. Kc7 Be6 39. Kd8 Ke5 40. c7 g4 41. Bb7 1-0

[Event "HUN-chT2 Barcza 1011"]
[Site "Hungary"]
[Date "2010.10.10"]
[Round "3.11"]
[White "Barnoth, Robert"]
[Black "Forgacs, Laszlo"]
[Result "1-0"]
[WhiteElo "1646"]
[BlackElo "1629"]
[PlyCount "71"]
[EventDate "2010.09.12"]
[EventType "team-tourn"]
[EventRounds "11"]
[EventCountry "HUN"]
[SourceTitle "EXT 2012"]
[Source "ChessBase"]
[SourceDate "2011.11.24"]
[SourceVersion "1"]
[SourceVersionDate "2011.11.24"]
[SourceQuality "1"]
[WhiteTeam "Tiszavasvar"]
[BlackTeam "DEAC"]
[WhiteTeamCountry "HUN"]
[BlackTeamCountry "HUN"]

1. e4 e5 2. Nf3 Nc6 3. Bb5 Bc5 4. 0-0 a6 5. Bxc6 dxc6 6. h3 Qd6 7. d3 Ne7 8. Nbd2 Be6 9. Ng5 h6 10. Nxe6 Qxe6 11. Nc4 0-0-0 12. Kh1 g5 13. Be3 Bxe3 14. fxe3 h5 15. Qf3 Rdf8 16. Qf6 Qxf6 17. Rxf6 Ng6 18. Raf1 Kd8 19. Rxf7 Ke8 20. R7f5 Rxf5 21. exf5 Rf8 22. Kg1 b5 23. fxg6 bxc4 24. dxc4 Rxf1+ 25. Kxf1 c5 26. Kf2 e4 27. c3 a5 28. b3 Ke7 29. a3 Kf6 30. b4 a4 31. bxc5 c6 32. Kg3 Kxg6 33. h4 Kf5 34. hxg5 Kxg5 35. Kh3 h4 36. g3 1-0

[Event "HUN-chT2 Asztalos 1011"]
[Site "Hungary"]
[Date "2010.09.26"]
[Round "2.7"]
[White "Forgacs, Laszlo"]
[Black "Gyorgy, Gergely"]
[Result "0-1"]
[WhiteElo "2117"]
[BlackElo "1781"]
[PlyCount "67"]
[EventDate "2010.09.12"]
[EventType "team-tourn"]
[EventRounds "11"]
[EventCountry "HUN"]
[SourceTitle "EXT 2012"]
[Source "ChessBase"]
[SourceDate "2011.11.24"]
[SourceVersion "1"]
[SourceVersionDate "2011.11.24"]
[SourceQuality "1"]
[WhiteTeam "Mohacs"]
[BlackTeam "Pannonpower II"]
[WhiteTeamCountry "HUN"]
[BlackTeamCountry "HUN"]

1. e4 c5 2. Nf3 e6 3. d4 cxd4 4. Nxd4 Nf6 5. e5 Qa5+ 6. c3 Qxe5+ 7. Be2 Nc6 8. f4 Qa5 9. Nb3 Qb6 10. N1d2 d5 11. Nf3 Ne4 12. Rf1 Bd6 13. Qd3 Nc5 14. Nxc5 Bxc5 15. b4 Be7 16. Be3 Qc7 17. Rc1 Bf6 18. g4 h6 19. h4 e5 20. fxe5 Nxe5 21. Nxe5 Bxh4+ 22. Kd1 Qxe5 23. Qb5+ Bd7 24. Qxb7 Ba4+ 25. Kd2 0-0 26. Rf5 Qe6 27. Rh1 Rfe8 28. Rh3 d4 29. Qxf7+ Qxf7 30. Rxf7 dxe3+ 31. Kd3 Rad8+ 32. Kc4 Re4+ 33. Kc5 Kxf7 34. Rxh4 0-1

[Event "HUN-chT2 Barcza 0910"]
[Site "Hungary"]
[Date "2010.05.02"]
[Round "11.11"]
[White "Forgacs, Laszlo"]
[Black "Barnoth, Robert"]
[Result "1/2-1/2"]
[WhiteElo "1629"]
[BlackElo "1669"]
[PlyCount "64"]
[EventDate "2009.11.08"]
[EventType "team-tourn"]
[EventRounds "11"]
[EventCountry "HUN"]
[SourceTitle "EXT 2011"]
[Source "ChessBase"]
[SourceDate "2010.11.26"]
[SourceVersion "1"]
[SourceVersionDate "2010.11.26"]
[SourceQuality "1"]
[WhiteTeam "DEAC"]
[BlackTeam "Tiszavasvar"]
[WhiteTeamCountry "HUN"]
[BlackTeamCountry "HUN"]

1. Nf3 c5 2. g3 d5 3. Bg2 Nf6 4. 0-0 Nc6 5. d4 c4 6. Nc3 e6 7. a3 a6 8. Re1 h6 9. Bf4 Be7 10. e4 dxe4 11. Nxe4 0-0 12. Nxf6+ Bxf6 13. c3 Qb6 14. Qc2 Bd7 15. Ne5 Nxe5 16. Bxe5 Bxe5 17. Rxe5 Rac8 18. Rae1 Bc6 19. d5 exd5 20. Bxd5 Bxd5 21. Rxd5 Qc6 22. Qf5 Rfe8 23. Rxe8+ Rxe8 24. Qd7 Re1+ 25. Kg2 Qxd7 26. Rxd7 b5 27. Rd2 Re6 28. h4 g5 29. hxg5 hxg5 30. f3 Kg7 31. g4 Kg6 32. Kf2 f6 1/2-1/2

[Event "HUN-chT2 Barcza 0910"]
[Site "Hungary"]
[Date "2010.04.11"]
[Round "9.11"]
[White "Forgacs, Laszlo"]
[Black "Varga, Krisztian"]
[Result "1-0"]
[WhiteElo "1629"]
[BlackElo "1697"]
[PlyCount "82"]
[EventDate "2009.11.08"]
[EventType "team-tourn"]
[EventRounds "11"]
[EventCountry "HUN"]
[SourceTitle "EXT 2011"]
[Source "ChessBase"]
[SourceDate "2010.11.26"]
[SourceVersion "1"]
[SourceVersionDate "2010.11.26"]
[SourceQuality "1"]
[WhiteTeam "DEAC"]
[BlackTeam "Debrecen Betu"]
[WhiteTeamCountry "HUN"]
[BlackTeamCountry "HUN"]

1. Nf3 c6 2. c4 Nf6 3. Nc3 d5 4. cxd5 cxd5 5. d4 Bf5 6. Bf4 Nc6 7. h3 h6 8. e3 e6 9. a3 a6 10. Bd3 Bxd3 11. Qxd3 Bd6 12. Bxd6 Qxd6 13. 0-0 0-0 14. Rac1 Rac8 15. Rfe1 Rc7 16. Rc2 Rfc8 17. Rec1 Na5 18. Na4 Nc4 19. Nc5 a5 20. Nd2 Nxd2 21. Qxd2 b6 22. Nd3 Ne4 23. Qe2 f6 24. Nf4 e5 25. Rxc7 Rxc7 26. Rxc7 Qxc7 27. Nxd5 Qd6 28. Qb5 exd4 29. exd4 Kh7 30. a4 f5 31. Nc3 Qxd4 32. Qxf5+ Kh8 33. Qxe4 Qd2 34. Qe8+ Kh7 35. Qe2 Qd6 36. Qd1 Qb4 37. Qe2 Qb3 38. Qe4+ Kh8 39. Qa8+ Kh7 40. Qe4+ Kh8 41. Qe2 Qa2 1-0

[Event "HUN-chT2 Barcza 0910"]
[Site "Hungary"]
[Date "2009.12.06"]
[Round "3.11"]
[White "Ordog, Aron"]
[Black "Forgacs, Laszlo"]
[Result "1-0"]
[WhiteElo "1515"]
[BlackElo "1629"]
[PlyCount "103"]
[EventDate "2009.11.08"]
[EventType "team-tourn"]
[EventRounds "11"]
[EventCountry "HUN"]
[SourceTitle "EXT 2011"]
[Source "ChessBase"]
[SourceDate "2010.11.26"]
[SourceVersion "1"]
[SourceVersionDate "2010.11.26"]
[SourceQuality "1"]
[WhiteTeam "Mezokovesd"]
[BlackTeam "DEAC"]
[WhiteTeamCountry "HUN"]
[BlackTeamCountry "HUN"]

1. e4 e5 2. Nf3 Nc6 3. Bb5 a6 4. Ba4 Bc5 5. c3 b5 6. Bb3 d6 7. d4 exd4 8. cxd4 Bb6 9. Be3 Nf6 10. Nc3 h6 11. 0-0 Bg4 12. d5 Ne5 13. Qe2 Bxe3 14. Qxe3 Bxf3 15. gxf3 Nh7 16. f4 Nd7 17. Qd4 0-0 18. Kh1 Qf6 19. Qxf6 Nhxf6 20. f3 Nh5 21. Ne2 Rac8 22. Rac1 Nc5 23. Bc2 c6 24. b4 Nd7 25. Bb3 cxd5 26. Bxd5 Nb6 27. Bb7 Rc4 28. Rxc4 bxc4 29. Bxa6 Ra8 30. b5 Nf6 31. Nc3 Nfd7 32. Rd1 Nc5 33. Rxd6 Nxa6 34. Rxb6 Nb4 35. a4 Nd3 36. Ra6 Rc8 37. Rc6 Ra8 38. b6 Kh7 39. a5 Nb4 40. b7 Rb8 41. Rb6 Nc6 42. Rxc6 Rxb7 43. a6 Rb3 44. Rxc4 Ra3 45. Ra4 Rxc3 46. a7 Rc1+ 47. Kg2 Rc2+ 48. Kg3 h5 49. a8Q h4+ 50. Kh3 Rc3 51. Ra3 Rxf3+ 52. Rxf3 1-0

[Event "HUN-chT2 Asztalos 0809"]
[Site "Hungary"]
[Date "2009.03.08"]
[Round "9"]
[White "Forgacs, Laszlo"]
[Black "Bocska, Janos"]
[Result "0-1"]
[WhiteElo "1625"]
[BlackElo "2119"]
[PlyCount "82"]
[EventDate "2008.10.26"]
[EventType "team-tourn"]
[EventRounds "11"]
[EventCountry "HUN"]
[SourceTitle "EXT 2010"]
[Source "ChessBase"]
[SourceDate "2010.11.25"]
[SourceVersion "1"]
[SourceVersionDate "2010.11.25"]
[SourceQuality "1"]
[WhiteTeam "Mohacs"]
[BlackTeam "Nagyatad"]
[WhiteTeamCountry "HUN"]
[BlackTeamCountry "HUN"]

1. e4 e5 2. Nf3 Nc6 3. Bc4 Bc5 4. 0-0 d6 5. h3 Nf6 6. Re1 0-0 7. c3 a6 8. d4 exd4 9. cxd4 Bb4 10. Nc3 b5 11. Bd3 h6 12. Bf4 Nh5 13. Bh2 Ba5 14. Rc1 Bb7 15. a3 Ne7 16. b4 Bb6 17. d5 Ng6 18. a4 bxa4 19. Nxa4 Nf6 20. Nd2 Ne5 21. Bxe5 dxe5 22. Qc2 Nh5 23. Nc4 Qg5 24. Naxb6 cxb6 25. Nxb6 Nf4 26. f3 Rac8 27. Bc4 Rcd8 28. Kf1 Rd6 29. Na4 Rg6 30. g4 Nxh3 31. Ke2 h5 32. gxh5 Qxh5 33. Ke3 Rg3 34. Be2 f5 35. Nc5 fxe4 36. Nxe4 Rfxf3+ 37. Kd2 Rg2 38. Kd1 Bxd5 39. Bxf3 Qxf3+ 40. Qe2 Rxe2 41. Rxe2 Bxe4 0-1

[Event "HUN-chT2 Barcza 0809"]
[Site "Hungary"]
[Date "2009.01.25"]
[Round "6.12"]
[White "Forgacs, Laszlo"]
[Black "Diczko, Zsombor"]
[Result "1/2-1/2"]
[WhiteElo "1625"]
[BlackElo "1795"]
[PlyCount "37"]
[EventDate "2008.10.26"]
[EventType "team-tourn"]
[EventRounds "11"]
[EventCountry "HUN"]
[SourceTitle "EXT 2010"]
[Source "ChessBase"]
[SourceDate "2010.11.25"]
[SourceVersion "1"]
[SourceVersionDate "2010.11.25"]
[SourceQuality "1"]
[WhiteTeam "DEAC"]
[BlackTeam "Nyiregyhaza"]
[WhiteTeamCountry "HUN"]
[BlackTeamCountry "HUN"]

1. Nf3 Nf6 2. c4 c6 3. Nc3 d5 4. d4 e6 5. Bg5 Be7 6. e3 Nbd7 7. Be2 0-0 8. 0-0 h6 9. Bh4 b6 10. b3 Bb7 11. cxd5 Nxd5 12. Nxd5 Bxh4 13. Nxh4 cxd5 14. Nf3 Rc8 15. Rc1 Qe7 16. Qd2 f6 17. Rxc8 Rxc8 18. Rc1 Qd6 19. Rxc8+ 1/2-1/2

[Event "HUN-chT2 Barcza 0809"]
[Site "Hungary"]
[Date "2008.11.30"]
[Round "3.12"]
[White "Bagoly, Peter"]
[Black "Forgacs, Laszlo"]
[Result "1/2-1/2"]
[WhiteElo "1601"]
[BlackElo "1625"]
[PlyCount "53"]
[EventDate "2008.10.26"]
[EventType "team-tourn"]
[EventRounds "11"]
[EventCountry "HUN"]
[SourceTitle "EXT 2010"]
[Source "ChessBase"]
[SourceDate "2010.11.25"]
[SourceVersion "1"]
[SourceVersionDate "2010.11.25"]
[SourceQuality "1"]
[WhiteTeam "SSASSE"]
[BlackTeam "DEAC"]
[WhiteTeamCountry "HUN"]
[BlackTeamCountry "HUN"]

1. d4 Nf6 2. Nf3 d5 3. Bf4 Bf5 4. e3 c5 5. Bxb8 Rxb8 6. Bb5+ Bd7 7. Bxd7+ Nxd7 8. c3 e6 9. Nbd2 Bd6 10. e4 cxd4 11. Nxd4 Nf6 12. exd5 Nxd5 13. Qa4+ Qd7 14. Qxa7 0-0 15. Qa5 Nf4 16. 0-0 Rfd8 17. Ne4 Ra8 18. Qg5 Kh8 19. Nxd6 Qxd6 20. Nb5 Qd2 21. h4 Ne2+ 22. Kh2 Qxb2 23. Rad1 Rxd1 24. Rxd1 h6 25. Rd8+ Rxd8 26. Qxd8+ Kh7 27. Qd3+ 1/2-1/2

[Event "HUN-chT2 Asztalos 0809"]
[Site "Hungary"]
[Date "2008.10.26"]
[Round "1"]
[White "Szabo, Richard"]
[Black "Forgacs, Laszlo"]
[Result "1/2-1/2"]
[WhiteElo "2024"]
[BlackElo "1625"]
[PlyCount "112"]
[EventDate "2008.10.26"]
[EventType "team-tourn"]
[EventRounds "11"]
[EventCountry "HUN"]
[SourceTitle "EXT 2010"]
[Source "ChessBase"]
[SourceDate "2010.11.25"]
[SourceVersion "1"]
[SourceVersionDate "2010.11.25"]
[SourceQuality "1"]
[WhiteTeam "Szekszard/Decs II"]
[BlackTeam "Mohacs"]
[WhiteTeamCountry "HUN"]
[BlackTeamCountry "HUN"]

1. Nf3 Nf6 2. g3 d5 3. Bg2 c5 4. 0-0 Nc6 5. d3 e5 6. c4 d4 7. a3 Bd6 8. Bg5 0-0 9. Nbd2 h6 10. Bxf6 Qxf6 11. Ne4 Qe7 12. e3 Bf5 13. Nxd6 Qxd6 14. e4 Bg4 15. h3 Bxf3 16. Qxf3 a6 17. Qe2 b5 18. Qc2 Na5 19. b4 cxb4 20. axb4 Nc6 21. cxb5 Nxb4 22. Qb3 a5 23. f4 a4 24. fxe5 axb3 25. exd6 Nxd3 26. Rab1 Nc5 27. Rfc1 b2 28. Rc2 Na4 29. e5 Rae8 30. d7 d3 31. Rc4 Rxe5 32. Rxa4 d2 33. Be4 f5 34. Rd4 Rd8 35. Bc2 Rxb5 36. Rxd2 Kf8 37. Bd1 Ke7 38. Rbxb2 Rxb2 39. Rxb2 Rxd7 40. Bf3 Rd3 41. Kf2 Rc3 42. h4 Ra3 43. Bh5 g5 44. hxg5 hxg5 45. Rb7+ Kf6 46. Rb6+ Ke5 47. Be2 Rc3 48. Rg6 g4 49. Ra6 Rc5 50. Ra4 Rc3 51. Rb4 Ra3 52. Bxg4 fxg4 53. Rxg4 Kf5 54. Rb4 Kg5 55. Kg2 Ra1 56. Rf4 Rb1 1/2-1/2